000 00702nam a2200253Ia 4500
005 20260121154735.0
008 008 260114s9999 xx 000 0 eng d
020 _a9781003171959
037 _aEBOOK
040 _aCRL
040 _beng
040 _cCRL
041 _2eng
041 _aeng
084 _qCRL
100 _a Michael A. Peters; Marek Tesar; Liz Jackson; Petar Jandric; Sean Sturm; Sonja Arndt; Tina Besley
_91010920
245 4 _aThe Methodology and Philosophy of Collective Writing
260 _bTaylor and Francis
260 _c2021
856 _uhttp://www.taylorfrancis.com/books/9781003171959
942 _cEBOOK
999 _c1577741
_d1577741